A history of the Jews / (Record no. 793448)

MARC details
000 -LEADER
fixed length control field 00824nam a2200289 a 4500
001 - CONTROL NUMBER
control field vtls000968305
003 - CONTROL NUMBER IDENTIFIER
control field NLI
005 - DATE AND TIME OF LATEST TRANSACTION
control field 20210627095208.0
008 - FIXED-LENGTH DATA ELEMENTS--GENERAL INFORMATION
fixed length control field 120112s1930 nyu 000 0 eng
039 #9 - LEVEL OF BIBLIOGRAPHIC CONTROL AND CODING DETAIL [OBSOLETE]
-- 201201121755
-- Entertech_02
040 0# - CATALOGING SOURCE
Original cataloging agency NLI
Language of cataloging eng
Transcribing agency Entertech-2011
Description conventions AACR2
041 0# - LANGUAGE CODE
Language code of text/sound track or separate title eng
044 ## - COUNTRY OF PUBLISHING/PRODUCING ENTITY CODE
MARC country code nyu
084 ## - OTHER CLASSIFICATION NUMBER
Classification number 109.A.79
100 1# - MAIN ENTRY--PERSONAL NAME
Personal name Sachar, Abram Leon,
Dates associated with a name 1899-
9 (RLIN) 909910
245 12 - TITLE STATEMENT
Title A history of the Jews /
Statement of responsibility, etc. Abram Leon Sachar
260 ## - PUBLICATION, DISTRIBUTION, ETC.
Place of publication, distribution, etc. New York :
Name of publisher, distributor, etc. Alfred A. Knope,
Date of publication, distribution, etc. 1930
300 ## - PHYSICAL DESCRIPTION
Extent 1v. (various pagings) ;
Dimensions 24 cm.
500 ## - GENERAL NOTE
General note Include index
500 ## - GENERAL NOTE
General note Library has 2 cops
650 #0 - SUBJECT ADDED ENTRY--TOPICAL TERM
Topical term or geographic name entry element Jews
General subdivision History
9 (RLIN) 761771
887 ## - NON-MARC INFORMATION FIELD
Content of non-MARC field
901 ## - LOCAL DATA ELEMENT A, LDA (RLIN)
a IMP58232 :
b 30.08.2010
901 ## - LOCAL DATA ELEMENT A, LDA (RLIN)
a IMP58233 :
b 30.08.2010
9 c.2
902 ## - LOCAL DATA ELEMENT B, LDB (RLIN)
a 109.A.79
942 ## - ADDED ENTRY ELEMENTS (KOHA)
Source of classification or shelving scheme Dewey Decimal Classification
Koha item type Books
Holdings
Withdrawn status Lost status Damaged status Not for loan Home library Current library Date acquired Total Checkouts Full call number Date last seen Price effective from Koha item type
        National Library of India National Library of India     109.A.79 27/06/2021 27/06/2021 Books
                                                                           
web counter

Copyright ©2020 The National Library of India, Govt. of India ↔ Hosted by NVLI, MOC ↔ Technology and Design by National Library of India, Ministry of Culture, Govt. of India